000 00288nam a22001337a 4500
008 170622b xxu||||| |||| 00| 0 eng d
020 _a9780195143973
041 _aeng
080 _a32
100 _a20
101 _aSHP
245 _aJOYOUS GREETINGS
_cANDERSON, B.S
942 _2udc
_cBK
999 _c18615
_d18615